Les dinosaure les plus long - Statistiques

Statistiques générales
  • Ce quiz a été pris 76 fois
    75 depuis la dernière actualisation
  • Le résultat moyen est 19 sur 108
Statistiques - réponses
Hint Réponse % Correct
30m diplodocus
91%
25m brachiosaure
77%
13m tyrannosaure
70%
2m velociraptor
63%
18m spinosaure
56%
9m triceratops
56%
40m argentinosaure
52%
9m stegosaure
52%
12m allosaure
47%
10m ankylosaure
47%
15m giganotosaure
41%
22m brontosaure
38%
9m carnotaure
36%
26m apatosaure
33%
6m dilophosaure
31%
5m pachycephalosaure
31%
9m iguanodon
30%
9m therizinosaure
28%
14m carcharodontosaure
27%
8m ceratosaure
27%
3m deinonychus
27%
9m parasaurolophus
27%
3m troodon
27%
10m baryonyx
25%
6m gallimimus
25%
4m kentrosaure
25%
7m utahraptor
25%
9m albertosaure
23%
1.5m oviraptor
23%
80cm microraptor
22%
2m pyroraptor
22%
12m suchomimus
22%
34m supersaurus
22%
12m acrocanthosaure
20%
11m deinocheirus
20%
14m tarbosaure
20%
13m edmontosaure
19%
8m pachyrhinosaure
19%
2m protoceratops
19%
25m mamenchisaure
17%
9m megalosaure
17%
5m styracosaure
17%
8m torosaure
17%
12m amargasaure
16%
9m corythosaure
16%
8m irritator
16%
12m titanosaurus
16%
9m yutyrannus
16%
1m compsognatus
14%
8m euoplocephalus
14%
6m monolophosaure
14%
6m chasmosaure
13%
9m daspletosaure
13%
4m dimetrodon
13%
9m gorgosaure
13%
8m majungasaure
13%
7m ouranosaure
13%
5m pentaceratops
13%
3m proceratosaure
13%
3m stygimoloch
13%
6m centrosaure
11%
6m edmontonia
11%
9m megaraptor
11%
5m nodosaure
11%
10m plateosaure
11%
4m struthiomimus
11%
9m tsintaosaure
11%
6m cryolophosaure
9%
3m dracorex
9%
5m einiosaure
9%
2m pelecanimimus
9%
5m diabloceratops
8%
8m metriacanthosaure
8%
2m ornitholestes
8%
7m tuojiangosaure
8%
6m erlikosaure
6%
3m guanlong
6%
5m nasutoceratops
6%
12m saltasaurus
6%
10m saurolophus
6%
6m sinoceratops
6%
12m tyrannotitan
6%
7m wuerhosaure
6%
4m antarctopelta
5%
6m concavenator
5%
16m hadrosaure
5%
9m rajasaurus
5%
9m shunosaure
5%
20m alamosaure
3%
10m bonitasaura
3%
4m huayangosaure
3%
9m lythronax
3%
6m segnosaure
3%
15m sonorasaurus
3%
4m tanycolagreus
3%
2m unaysaurus
3%
7m crichtonsaurus
2%
3m edaphosaurus
2%
10m kronosaure
2%
12m mapusaurus
2%
3m ophiacodon
2%
10m ostafrikasaure
2%
4m secodontosaure
2%
3m sphenacodon
2%
2m zalmoxes
2%
8m dacentrurus
0%
6m eolambia
0%
6m lexovisaurus
0%
Aucun quiz correspondant
Distribution des résultats
% des personnes avec chaque résultat
Percentile par nombre de réponses
Votre historique - résultats
Vous n’avez pas pris ce quiz depuis la dernière actualisation